Normal view
MARC view
- Schmidt, Richard.J Sidebottom, Omar.M Boresi, Arthur.P
Entry Personal Name
001 - CONTROL NUMBER
- control field: 59552
003 - CONTROL NUMBER IDENTIFIER
- control field: NUST
005 - DATE AND TIME OF LATEST TRANSACTION
- control field: 20210628202347.0
008 - FIXED-LENGTH DATA ELEMENTS
- fixed length control field: 210628|| aca||aabn | a|a d
040 ## - CATALOGING SOURCE
- Original cataloging agency: NUST
- Transcribing agency: NUST
100 ## - HEADING--PERSONAL NAME
- Personal name: Schmidt, Richard.J Sidebottom, Omar.M Boresi, Arthur.P
670 ## - SOURCE DATA FOUND
- Source citation: Work cat.: (NUST): Schmidt, Richard.J Sidebottom, Omar.M Boresi, Arthur.P, Advanced mechanics of materials, 1993
